Music Quiz

Random Music or Lyrics Quiz

Billy Joel's 'Piano Man' Quiz Stats

 Plays Quiz Updated Aug 10, 2017

Support Sporcle.
Go Orange.
Score 0/289 Timer 09:00
5 Plays Today
% Correct
[Chorus]
99.7%
[Chorus]
99.7%
a
99.4%
a
99.4%
a
99.1%
a
99.1%
a
99.1%
a
99.1%
a
99.1%
a
99.1%
a
99.1%
a
99.1%
a
99.1%
a
99.1%
a
99.1%
a
99.1%
a
99.1%
a
99.1%
a
99.1%
a
99.1%
man
98.5%
man.
98.5%
'Man,
98.5%
The
98.3%
the
98.3%
the
98.3%
the
98.3%
the
98.3%
the
98.3%
the
98.3%
the
98.3%
the
98.3%
the
98.3%
the
98.3%
the
98.3%
I
97.9%
I
97.9%
I
97.9%
I
97.9%
I
97.9%
you
96.5%
you
96.5%
piano
96.3%
piano,
96.3%
me
96%
me
96%
me
96%
me.'
96%
me
96%
me
96%
to
95.5%
to
95.5%
to
95.5%
to
95.5%
to
95.5%
in.
95%
in
95%
in
95%
in
95%
an
94.5%
and
94.4%
and
94.4%
and
94.4%
And
94.4%
And
94.4%
And
94.3%
And
94.4%
And
94.3%
and
94.3%
And
94.3%
and
94.3%
and
94.3%
and
94.3%
and
94.3%
and
94.3%
'Son,
94.2%
it
93.2%
it
93.2%
it
93.2%
song,
92.6%
song
92.6%
for
92.5%
for
92.5%
for
92.5%
for
92.5%
for
92.5%
for
92.5%
He
92%
He
92%
He
92%
he
92%
us
91.6%
us
91.6%
us
91.6%
Sing
91.3%
Sing
91.3%
It's
90.1%
% Correct
it's
90%
it's
90%
it's
90%
it's
90%
it's
90%
Oh La la la, di da da, la la, di da da da dum
89.8%
Oh La la la, di da da, la la, di da da da dum
89.8%
be.
89.7%
be
89.7%
be
89.7%
on
89%
melody.
88.4%
Saturday.
87.9%
Saturday,
87.9%
play
86.9%
tonight
86.4%
La la la, di da da, la la, di da da da dum
86.4%
your
86%
you're
85%
crowd
84.9%
crowd
84.9%
say,
84.7%
all
84.6%
mood
84.3%
is
84%
is
84%
is
84%
is
84%
o'clock
83.9%
sit
83.9%
we're
83.8%
can
83.7%
nine
83.6%
his
83.5%
his
83.5%
bar
83.4%
bar
83.4%
love
81.9%
old
81.9%
when
81.9%
but
81.4%
But
81.4%
but
81.4%
gin.
81.3%
regular
81%
alright.
80.7%
tonic
80.6%
got
80.4%
feelin'
80.4%
my
80.3%
my
80.3%
I'm
80.1%
I'm
80.1%
real
80%
There's
79.9%
there's
79.9%
next
79.9%
says,
79.9%
says,
79.8%
sitting
79.5%
not
79.5%
how
79.5%
makin'
79.3%
of
79.2%
of
79.2%
goes,
78.3%
drink
78%
younger
77.9%
at
77.7%
at
77.7%
sweet
77.7%
get
77.7%
get
77.7%
man's
77.6%
sure
77.5%
sure
77.5%
complete
77.3%
knew
77.3%
clothes.'
77.1%
wore
76.9%
shuffles
76.8%
really
75.8%
you've
75.6%
are
75%
that
74.7%
that
74.7%
they
74.7%
that
74.7%
they
74.7%
life.
74%
life
74%
sad
73.8%
will
73.5%
what
73.1%
this
72.4%
this
72.4%
here?'
71.9%
% Correct
who
71.9%
Navy
71.1%
memory.
71%
free.
70.8%
As
70.8%
as
70.8%
doin'
70.7%
'Cause
69.6%
with
69.5%
with
69.5%
friend
69.4%
he's
69.1%
he's
69.1%
drinks
69%
like
68.8%
like
68.8%
mine.
68.6%
probably
67.8%
Davy,
67.5%
jar
67.4%
If
67.2%
out
67.1%
still
67.1%
could
66.9%
could
66.9%
place.'
66.7%
smile
66.5%
smile.
66.5%
beer
66.3%
killing
65.4%
star
64.8%
up
64.8%
who's
64.4%
bread
64.4%
'Bill,
63.9%
movie
63.7%
smoke,
63.4%
light
63.1%
put
63%
see
62.9%
gets
62.8%
waitress
62.5%
from
62.3%
smells
62.3%
while.
62.1%
sounds
62.1%
rather
62%
politics
61.8%
joke
61.7%
he'd
61.3%
believe
61.3%
time
61%
or
61%
gives
60.7%
Now
60.4%
Now
60.4%
microphone
60.3%
John
60.2%
quick
60.2%
stoned
60%
practicing
59.8%
estate
59.8%
face.
59.6%
Well,
59.4%
'Well.
59.4%
had
59.3%
wife.
59.3%
comin'
59.3%
carnival
59.2%
slowly
58.8%
never
58.6%
talkin'
58.4%
someplace
58.1%
knows
57.8%
away
57.7%
novelist
57.4%
good
57.3%
drinkin'
57.2%
about
56.7%
than
56.6%
forget
56.3%
alone.
55.8%
better
55.6%
pretty
55.6%
been
54.8%
call
53.6%
manager
53.3%
they're
53.1%
they've
52.4%
businessmen
52.2%
loneliness
51.6%
sharing
50.2%
ran
48.9%
Paul
44.9%
Yes,
35%

You're not logged in!

Compare scores with friends on all Sporcle quizzes.
OR
Log In
Forgot?

From the Vault

Actor vs Actor's Other Movie Character

by jcase1981818

The price is wrong for a few of these characters.
Remove Ads.
Support Sporcle.
Get the best of Sporcle when you Go Orange. This ad-free experience offers more features, more stats, and more fun while also helping to support Sporcle. Thank you for becoming a member.

Show Comments

Extras

Top Quizzes Today


Score Distribution

Your Account Isn't Verified!

In order to create a playlist on Sporcle, you need to verify the email address you used during registration. Go to your Sporcle Settings to finish the process.

Report this User

Report this user for behavior that violates our Community Guidelines.

Details: